000 00557nam a22001817a 4500
003 UA-OsUOA
001 15943
007 ta
008 20031214b un ||||| |||| 00| 0 ukr d
100 _aСтецюк Т.
942 _cSA
040 _aUA-OsUOA
_cUA-OsUOA
_dUA-OsUOA
245 _aДосвід прфспілок Рівненщини свалено для всіх країн СНД
300 _aС.2
955 _a0
773 0 _w0
_tЗа відродження
_dРівне
_d2003
_g№44/ 31 жовт./
650 7 _aКраєзнавча робота
_2UDC
999 _c302108
_d302108